| 000 | 00842nam a2200253 a 4500 | ||
|---|---|---|---|
| 001 | 64935 | ||
| 003 | BD-RjUL | ||
| 005 | 20211209081353.0 | ||
| 008 | 170225s1974 ii af b 001 0beng | ||
| 035 | _a(BD-RjUL)65065 | ||
| 040 |
_aDLC _cDLC _dBD-RjUL _beng |
||
| 041 | _aeng | ||
| 082 | 0 | 0 |
_a954.0250924 _223 _bQUL 1974 |
| 100 | 1 |
_aQuamruddin, Mohammad, _d1934- _9192530 |
|
| 245 | 1 | 0 |
_aLife & times of Prince Murād Bak̲h̲s̲h̲,1624-1661 / _cby Mohammad Quamruddin ; with a foreword by Syed Hasan Askari. |
| 260 |
_aCalcutta : _bQuamruddin, _c1974. |
||
| 300 |
_axix, 214 p. : _bill. ; _c22 cm. |
||
| 500 | _aIncludes index. | ||
| 502 | _aThesis--University of Calcutta. | ||
| 504 | _aBibliography: p. 183-195. | ||
| 600 | 0 | 0 |
_aMurād Bak̲h̲s̲h̲, _d1624-1661. _9192532 |
| 651 | 0 |
_aMogul Empire _xHistory. _9190120 |
|
| 942 |
_2ddc _cBK |
||
| 999 |
_c64935 _d64935 |
||